| 000 | 00892cac a22002171u 4500 | ||
|---|---|---|---|
| 090 | _c4169 | ||
| 008 | 081215t 1982xxu||||| |||| 00| 0 eng d | ||
| 010 | _a 82013865 | ||
| 020 | _a0866120106 | ||
| 082 | 0 | 0 |
_a657.837 _bFAY |
| 100 | _aFay, Clifford T. | ||
| 245 | 1 | 0 |
_aBasic financial accounting for the hospitality industry / _cClifford T. Fay, Jr. Raymond S. Schmidgall, Stanley B. Tarr. |
| 260 |
_aEast Lansing, Mich. : _bEducational Institute of the American Hotel & Motel Association, _cc1982. |
||
| 300 |
_ax, 237 p. : _bill. ; _c29 cm. |
||
| 500 | _aIncludes index. | ||
| 650 | 0 |
_aHospitality industry _xAccounting. |
|
| 700 | 1 |
_aSchmidgall, Raymond S., _d1945- |
|
| 700 | 1 | _aTarr, Stanley B. | |
| 942 |
_cBB _k657.837FAY _2ddc |
||
| 999 |
_c4169 _d4169 |
||